书目信息 |
| 题名: |
交流电动机检修
|
|
| 作者: | 应春虎 编 | |
| 分册: | ||
| 出版信息: | 北京 人民铁道出版社 1978 |
|
| 页数: | 234页 | |
| 开本: | 19cm | |
| 丛书名: | ||
| 单 册: | ||
| 中图分类: | TM340.7 | |
| 科图分类: | ||
| 主题词: | 交流电机--检修 | |
| 电子资源: | ||
| ISBN: | ||
| 000 | 00576nam0 2200217 45 | |
| 001 | 0178001769 | |
| 005 | 20060814173954.81 | |
| 010 | @d¥0.52 | |
| 091 | @aCN@b15043.5102 | |
| 100 | @a19950811d1978 em y0chiy0121 ea | |
| 101 | 0 | @achi |
| 102 | @aCN@b110000 | |
| 105 | @ay z 000yy | |
| 200 | 10 | @a交流电动机检修@Ajiao liu dian dong ji jian xiu@f应春虎编 |
| 210 | @a北京@c人民铁道出版社@d1978 | |
| 215 | @a234页@d19cm | |
| 606 | @a交流电机@x检修 | |
| 690 | @aTM340.7@v3 | |
| 701 | 0 | @a应春虎@Aying chun hu@4编 |
| 801 | 0 | @aCN@bTSSF@c20060814 |
| 905 | @a10447@dTM340.7@e36 | |
| 交流电动机检修/应春虎编.-北京:人民铁道出版社,1978 |
| 234页;19cm |
| ISBN :¥0.52 |
| ● |
| 相关链接 |
|
|
|
|
正题名:交流电动机检修
索取号:TM340.7/36
 
预约/预借
| 序号 | 登录号 | 条形码 | 馆藏地/架位号 | 状态 | 备注 |
| 1 | 0458082 | 204580827 | 密集书库/ [索取号:TM340.7/36] | 在馆 |